Northeast migrants in Delhi race, refuge and retail /

Bibliographic Details
Main Author: McDuie-Ra, Duncan.
Corporate Author: ProQuest (Firm)
Format: Electronic eBook
Language:English
Published: Amsterdam : Amsterdam University Press, 2012.
Series:IIAS publications ; 9
Subjects:
Online Access:Click to View
LEADER 01309nam a2200349Ia 4500
001 EBC1048752
003 MiAaPQ
005 20200520144314.0
006 m o d |
007 cr cn|||||||||
008 120822s2012 ne ab sb 001 0 eng d
020 |z 9789048516230 
020 |z 9789089644220 
035 |a (MiAaPQ)EBC1048752 
035 |a (Au-PeEL)EBL1048752 
035 |a (CaPaEBR)ebr10613634 
035 |a (CaONFJC)MIL401085 
035 |a (OCoLC)820850478 
040 |a MiAaPQ  |c MiAaPQ  |d MiAaPQ 
050 4 |a HB2100.D45  |b M33 2012 
100 1 |a McDuie-Ra, Duncan. 
245 1 0 |a Northeast migrants in Delhi  |h [electronic resource] :  |b race, refuge and retail /  |c Duncan McDuie-Ra. 
260 |a Amsterdam :  |b Amsterdam University Press,  |c 2012. 
300 |a 203 p. :  |b ill., maps. 
490 0 |a IIAS publications ;  |v 9 
504 |a Includes bibliographical references and index. 
533 |a Electronic reproduction. Ann Arbor, MI : ProQuest, 2015. Available via World Wide Web. Access may be limited to ProQuest affiliated libraries. 
650 0 |a Migration, Internal  |z India  |z Delhi. 
650 0 |a Population geography  |z India  |z Delhi. 
655 4 |a Electronic books. 
710 2 |a ProQuest (Firm) 
856 4 0 |u https://ebookcentral.proquest.com/lib/matrademy/detail.action?docID=1048752  |z Click to View